| 000 | 00862nam a2200301 4500 | ||
|---|---|---|---|
| 001 | 35794 | ||
| 010 | _a9789727102556 | ||
| 010 | _a9727102557 | ||
| 021 | _aPT | ||
| 090 | _a35794 | ||
| 100 | _a20230706 pory50 | ||
| 101 | 0 | _apor | |
| 102 | _aPT | ||
| 200 | 1 |
_aSeis contos de Eça de Queirós _frecontados Luísa Ducla Soares _gil. Nuno Fonseca _grev. Filipe Rodrigues |
|
| 205 | _a5.ª ed | ||
| 210 | 9 |
_aLisboa _cTerramar, _d2008 |
|
| 215 |
_a79, [4] p. _cil. _d18 cm |
||
| 225 | 2 |
_aContar-recontar _v4 |
|
| 675 |
_a087.5 _vBN _zpor |
||
| 675 |
_a821.134.3-93"19/20" _vBN _zpor |
||
| 675 |
_a821.134.3-34"19/20" _vBN _zpor |
||
| 700 | 1 |
_aSoares, _bLuísa Ducla, _f1939- _92431 |
|
| 702 | 1 |
_aFonseca, _bNuno _4440 |
|
| 702 | 1 |
_aRodrigues, _bFilipe |
|
| 702 | 1 |
_aQueirós, _bE—ca de, _f1845-1900 _4100 |
|
| 801 | 0 |
_aPT _bBN _gRPC |
|
| 990 | _cLIVROS | ||
| 994 | _aCOMP | ||